000 00821cam a22002291 4500
005 20131119104202.0
008 740806s1965 fr b 000 0 eng
041 0 _aeng
080 _a338.91
100 1 _aMaddison, Angus
245 1 0 _aForeign skills and technical assistance in economic development /
_c Angus Maddison
260 _a[Paris]
_bDevelopment Centre of the Organisation for Economic Cooperation and Development
_c[1965]
300 _a104 f. ;
_c24 cm.
490 1 _aDevelopment centre studies
500 _aPreface : f. 7-9
504 _aBibliography: p. 95-104.
650 0 _aAsistenca teknike
650 0 _aZhvillimi ekonomik
651 0 _aDeveloping countries.
810 2 _aOrganisation for Economic Co-operation and Development.
_bDevelopment Centre
_tDevelopment Centre studies
942 _2udc
_cBK
999 _c288
_d288